| 000 | 005880000a22001810004500 | ||
|---|---|---|---|
| 003 | MACL | ||
| 005 | 20160512164110.0 | ||
| 008 | 160512b xxu||||| |||| 00| 0 eng d | ||
| 040 |
_aMACL _cMACL |
||
| 041 | _aHindi | ||
| 082 | _a891.431 MIS | ||
| 100 |
_aमिश्र, रचना _956527 |
||
| 245 |
_aनिर्धन्ा अॅधेरा _cरचना मिश्र |
||
| 260 |
_bअचिन्त्य पब्लिकेशन्स _c2007 _aइलाहाबाद |
||
| 350 | _a120 | ||
| 650 |
_aPoetry _956528 |
||
| 942 |
_cHIN _k891.431/MIS/P _2ddc |
||
| 999 |
_c12378 _d12378 |
||